Canadian Celebrities by Picture #2 - Statistics

General Stats
  • This quiz has been taken 127 times
  • The average score is 8 of 16
Answer Stats
Picture Answer % Correct
Jim Carrey
95%
Ryan Reynolds
87%
Ryan Gosling
85%
Michael Bublé
74%
Matthew Perry
71%
Michael J. Fox
70%
Mike Myers
60%
Brendan Fraser
47%
Eugene Levy
38%
Dan Aykroyd
34%
Christopher Plummer
29%
Anna Paquin
21%
Evangeline Lilly
20%
Nelly Furtado
20%
Kim Cattrall
14%
Emily VanCamp
6%
No matching quizzes found
Score Distribution
Percent of People with Each Score
Percentile by Number Answered
Your Score History
You have not taken this quiz